[Event "LEM Nachwuchs M-V u16 vom 08.-11.07.202"]
[Site "MaJuWi Greifswald/Wieck"]
[Date "2021.07.11"]
[Round "6.4"]
[White "Röste, Hugo"]
[Black "Kruse, Johannes"]
[Result "1/2-1/2"]
[WhiteElo "1597"]
[BlackElo "1448"]
[PlyCount "87"]
[EventDate "2021.??.??"]
[WhiteTeam "TuS Makkabi Rostock"]
[BlackTeam "ESV Waren"]

1. d4 Nf6 2. c4 d6 3. Nc3 g6 4. e4 Bg7 5. f4 O-O 6. Nf3 Nbd7 7. Be2 c6 8. O-O
e6 9. Kh1 d5 10. e5 Ne8 11. c5 b6 12. b4 a5 13. bxa5 bxc5 14. Bd2 c4 15. Na4
Kh8 16. Bb4 Rg8 17. Ng5 Nxe5 18. dxe5 Qc7 19. Nb6 Ra7 20. Qd4 Ba6 21. Nxc4 Bxc4
22. Bxc4 dxc4 23. Qxc4 h6 24. Ne4 Bf8 25. Bxf8 Rxf8 26. Rfc1 Qxa5 27. Qxc6 Nc7
28. Qc5 Qxc5 29. Rxc5 Nd5 30. g3 Rfa8 31. Nc3 Nxc3 32. Rxc3 Rxa2 33. Rxa2 Rxa2
34. Kg1 Kg7 35. Rf3 g5 36. Rf2 Rxf2 37. Kxf2 g4 38. Ke3 Kg6 39. Ke4 h5 40. Ke3
Kf5 41. Kd4 Kg6 42. Ke4 Kh6 43. Kd4 Kg7 44. Ke3 1/2-1/2

[Event "LEM Nachwuchs M-V u16 vom 08.-11.07.202"]
[Site "MaJuWi Greifswald/Wieck"]
[Date "2021.07.11"]
[Round "6.5"]
[White "Ederle, Artöm"]
[Black "Tennigkeit, Paul"]
[Result "1-0"]
[WhiteElo "1591"]
[BlackElo "1569"]
[PlyCount "87"]
[EventDate "2021.??.??"]
[WhiteTeam "Greifswalder SV"]
[BlackTeam "Lok Pritzwalk"]

1. f4 d5 2. Nf3 g6 3. g3 Bg7 4. d4 Nf6 5. Bg2 b6 6. O-O O-O 7. Ne5 e6 8. e3 Bb7
9. Nd2 Nc6 10. b3 Nxe5 11. fxe5 Nd7 12. Ba3 c5 13. b4 Rc8 14. Rb1 cxd4 15. exd4
b5 16. c4 bxc4 17. b5 Re8 18. Bh3 c3 19. Qf3 cxd2 20. Qxf7+ Kh8 21. Bxe6 Qg5
22. Kg2 Qe3 23. Bxd7 Qe2+ 24. Qf2 d1=Q 25. Rbxd1 Qe4+ 26. Kg1 Rc2 27. Rd2 Rxd2
28. Qxd2 Rd8 29. Re1 Qf3 30. Re3 Qh5 31. e6 Bh6 32. e7 Bxe3+ 33. Qxe3 Qd1+ 34.
Kf2 Qc2+ 35. Kf3 Qd1+ 36. Kf4 Qf1+ 37. Qf3 g5+ 38. Kg4 h5+ 39. Kxg5 Rg8+ 40.
Kf4 Qc4 41. Qxh5+ Kg7 42. Qe5+ Kh7 43. Bf5+ Kh6 44. Qf6+ 1-0

[Event "LEM Nachwuchs M-V u16 vom 08.-11.07.202"]
[Site "MaJuWi Greifswald/Wieck"]
[Date "2021.07.11"]
[Round "6.6"]
[White "Subocz, Gabriel"]
[Black "Breß, Amy Charlize"]
[Result "1/2-1/2"]
[WhiteElo "1380"]
[BlackElo "1551"]
[PlyCount "47"]
[EventDate "2021.??.??"]
[WhiteTeam "SAV Torgelow"]
[BlackTeam "SAV Torgelow"]

1. e4 c5 2. Nf3 e6 3. d4 cxd4 4. Nxd4 Nf6 5. Nc3 Qc7 6. Bd2 a6 7. Bd3 b5 8. a3
Bb7 9. O-O Be7 10. Qe2 d6 11. f4 Nbd7 12. Rae1 Nc5 13. Rc1 Qb6 14. Be3 Qc7 15.
Bd2 O-O 16. Rf3 Rfe8 17. Rh3 e5 18. Nf5 Bc8 19. Nd5 Nxd5 20. exd5 Nxd3 21. Qxd3
Bxf5 22. Qxf5 g6 23. Rg3 Qc8 24. Qh5 1/2-1/2

[Event "LEM Nachwuchs M-V u16 vom 08.-11.07.202"]
[Site "MaJuWi Greifswald/Wieck"]
[Date "2021.07.11"]
[Round "6.7"]
[White "Brand, Hannes"]
[Black "Warda, Valentino"]
[Result "1-0"]
[WhiteElo "1384"]
[BlackElo "1004"]
[PlyCount "45"]
[EventDate "2021.??.??"]
[WhiteTeam "SC Mecklenburger Springer"]
[BlackTeam "SF Schwerin"]

1. d4 f5 2. Bf4 Nf6 3. e3 g6 4. Nf3 Bg7 5. Nbd2 O-O 6. Bc4+ Kh8 7. Ng5 Qe8 8.
Bxc7 d6 9. c3 h6 10. Ne6 Bxe6 11. Bxe6 Nc6 12. d5 Nd8 13. Bxd8 Qxd8 14. h3 Qa5
15. g4 Nxd5 16. Nb3 Nxc3 17. Nxa5 Nxd1 18. Kxd1 b6 19. Nc6 Bxb2 20. Rb1 Bg7 21.
Nxe7 Rfe8 22. Nxg6+ Kh7 23. Bxf5 1-0

[Event "LEM Nachwuchs M-V u16 vom 08.-11.07.202"]
[Site "MaJuWi Greifswald/Wieck"]
[Date "2021.07.11"]
[Round "6.8"]
[White "Markovych, Leonid"]
[Black "Kirchner, Bao Long Marc"]
[Result "1-0"]
[WhiteElo "1218"]
[BlackElo "1224"]
[PlyCount "63"]
[EventDate "2021.??.??"]
[WhiteTeam "TuS Makkabi Rostock"]
[BlackTeam "TuS Makkabi Rostock"]

1. d4 d5 2. c4 e6 3. Nf3 Nf6 4. Bg5 Be7 5. Nc3 O-O 6. e3 b6 7. cxd5 exd5 8. g3
Bb7 9. Bg2 Nbd7 10. O-O c5 11. Rc1 Rc8 12. Ne5 cxd4 13. Nxd7 Nxd7 14. Bxe7 Qxe7
15. Qxd4 Nf6 16. Rfd1 Rfd8 17. Nxd5 Bxd5 18. Rxc8 Rxc8 19. Bxd5 Rd8 20. Bxf7+
Kxf7 21. Qxd8 Qe5 22. Qd4 Qe6 23. b3 Kg6 24. Qd3+ Kf7 25. Qc4 Ne4 26. Rd4 Ng5
27. Rd7+ Kf6 28. Qxe6+ Nxe6 29. Rxa7 Nc5 30. b4 Nd3 31. Ra6 Kf5 32. Rxb6 1-0

[Event "LEM Nachwuchs M-V u16 vom 08.-11.07.202"]
[Site "MaJuWi Greifswald/Wieck"]
[Date "2021.07.11"]
[Round "6.9"]
[White "Decker, Nils"]
[Black "Ahmed Ibrahim, Labed"]
[Result "1/2-1/2"]
[WhiteElo "1334"]
[BlackElo "1215"]
[PlyCount "77"]
[EventDate "2021.??.??"]
[WhiteTeam "SV Gryps"]
[BlackTeam "SV Motor Wolgast"]

1. e4 e6 2. Nf3 Nc6 3. Nc3 d5 4. d4 Bb4 5. exd5 exd5 6. Bb5 Bd7 7. O-O Nf6 8.
Bxc6 Bxc6 9. Re1+ Be7 10. Qe2 Ne4 11. Nxe4 dxe4 12. Ne5 Qxd4 13. Nxc6 bxc6 14.
Qxe4 Qxe4 15. Rxe4 f5 16. Re5 Rd8 17. Bg5 Rd7 18. Rae1 Kf7 19. Rxe7+ Rxe7 20.
Rxe7+ Kg6 21. Bf4 Rd8 22. g3 Rd1+ 23. Kg2 Rb1 24. Be3 Rxb2 25. Rxc7 Rxc2 26.
Rxa7 c5 27. a4 c4 28. a5 c3 29. a6 Ra2 30. Rc7 Rxa6 31. Rxc3 h6 32. Rb3 Kh5 33.
Kh3 g5 34. Rb5 g4+ 35. Kg2 Ra2 36. Rxf5+ Kg6 37. Rb5 Rc2 38. Rb4 Kh5 39. Rb6
1/2-1/2

[Event "LEM Nachwuchs M-V u16 vom 08.-11.07.202"]
[Site "MaJuWi Greifswald/Wieck"]
[Date "2021.07.11"]
[Round "6.10"]
[White "Camen, Gerris"]
[Black "Hampe, Tobias"]
[Result "0-1"]
[WhiteElo "823"]
[BlackElo "1247"]
[PlyCount "96"]
[EventDate "2021.??.??"]
[WhiteTeam "Lok Pritzwalk"]
[BlackTeam "Lok Pritzwalk"]

1. e4 e5 2. Nf3 Nc6 3. Nc3 Bc5 4. Bc4 Nf6 5. O-O d6 6. a3 O-O 7. h3 Be6 8. Bxe6
fxe6 9. Ng5 Qd7 10. d3 h6 11. Nf3 a6 12. b4 Ba7 13. Bb2 Nd4 14. Nxd4 Bxd4 15.
Rb1 d5 16. Qe1 Rfe8 17. Nd1 Qc6 18. c3 Bb6 19. d4 exd4 20. cxd4 Nxe4 21. Rc1
Qd7 22. f3 Nd6 23. Qh4 Qe7 24. Qxe7 Rxe7 25. Ne3 c6 26. f4 Rf8 27. g4 Ref7 28.
f5 exf5 29. gxf5 Nxf5 30. Nxf5 Rxf5 31. h4 Rxf1+ 32. Rxf1 Rxf1+ 33. Kxf1 Kf7
34. Kf2 Kf6 35. Kg3 Kf5 36. Kf3 g5 37. h5 a5 38. Bc3 axb4 39. axb4 g4+ 40. Kg3
Kg5 41. Bd2+ Kxh5 42. Be3 Ba7 43. Kg2 Bb8 44. Bf2 Bf4 45. Bg3 Bxg3 46. Kxg3 Kg5
47. Kg2 Kf4 48. Kf2 Ke4 0-1

[Event "LEM Nachwuchs M-V u16 vom 08.-11.07.202"]
[Site "MaJuWi Greifswald/Wieck"]
[Date "2021.07.11"]
[Round "7.1"]
[White "Röste, Hugo"]
[Black "Tovmasyan, Minas"]
[Result "0-1"]
[WhiteElo "1597"]
[BlackElo "1771"]
[PlyCount "66"]
[EventDate "2021.??.??"]
[WhiteTeam "TuS Makkabi Rostock"]
[BlackTeam "TuS Makkabi Rostock"]

1. d4 Nf6 2. c4 c5 3. d5 b5 4. cxb5 a6 5. Nc3 g6 6. e4 d6 7. f4 Bg7 8. Nf3 Qa5
9. Bd2 O-O 10. Qc2 axb5 11. Nxb5 Qa4 12. Qxa4 Rxa4 13. Nc3 Rb4 14. Bd3 Ba6 15.
Bxa6 Nxa6 16. Rb1 Nxe4 17. Nxe4 Rxe4+ 18. Kf2 Nc7 19. b4 cxb4 20. Rxb4 Rxb4 21.
Bxb4 Nxd5 22. Bd2 Ra8 23. Rb1 Nc3 24. Rb3 Ne4+ 25. Ke3 Nc5 26. Rb5 h6 27. g3
Rxa2 28. Ba5 Ra3+ 29. Kf2 Ne4+ 30. Ke2 Nc3+ 31. Bxc3 Bxc3 32. Rb7 Bf6 33. Kf2
Kg7 0-1

[Event "LEM Nachwuchs M-V u16 vom 08.-11.07.202"]
[Site "MaJuWi Greifswald/Wieck"]
[Date "2021.07.11"]
[Round "7.2"]
[White "Le, Tomab Linh"]
[Black "Großmann, Piet"]
[Result "0-1"]
[WhiteElo "1534"]
[BlackElo "1902"]
[PlyCount "72"]
[EventDate "2021.??.??"]
[WhiteTeam "SG Neubrandenburg"]
[BlackTeam "SAV Torgelow"]

1. e4 e6 2. d4 d5 3. e5 c5 4. c3 Nc6 5. Nf3 Qb6 6. Be2 cxd4 7. cxd4 Nge7 8. O-O
Nf5 9. Be3 Qxb2 10. Qd2 Qxd2 11. Nbxd2 Bb4 12. Nb3 O-O 13. Rfc1 Bd7 14. a3 Be7
15. Nc5 Bxc5 16. Rxc5 Rfc8 17. Rb1 Rab8 18. Rcb5 Rc7 19. Bd3 Nfe7 20. a4 Nd8
21. R5b4 Rbc8 22. Ra1 Nec6 23. Rb5 a6 24. Rb6 Na5 25. Bd2 Nc4 26. Rb3 Nxd2 27.
Nxd2 Nc6 28. Nf3 Na5 29. Rbb1 Rc3 30. Be2 Nb3 31. Ra2 Rc1+ 32. Rxc1 Rxc1+ 33.
Bf1 b5 34. axb5 Bxb5 35. Nd2 Nxd2 36. Rxd2 Rxf1# 0-1

[Event "LEM Nachwuchs M-V u16 vom 08.-11.07.202"]
[Site "MaJuWi Greifswald/Wieck"]
[Date "2021.07.11"]
[Round "7.3"]
[White "Breß, Aaron"]
[Black "Scharf, Christian"]
[Result "1-0"]
[WhiteElo "1795"]
[BlackElo "1050"]
[PlyCount "31"]
[EventDate "2021.??.??"]
[WhiteTeam "SAV Torgelow"]
[BlackTeam "SG Güstrow"]

1. e4 c5 2. Nc3 a6 3. Nge2 b5 4. g3 Bb7 5. Bg2 e6 6. O-O Nc6 7. d3 d6 8. f4 Nf6
9. f5 Be7 10. fxe6 fxe6 11. Nf4 Qd7 12. Bh3 Nd8 13. Ncd5 Rb8 14. Nxe6 Nxe6 15.
Bxe6 Qd8 16. Bh6 1-0

[Event "LEM Nachwuchs M-V u16 vom 08.-11.07.202"]
[Site "MaJuWi Greifswald/Wieck"]
[Date "2021.07.11"]
[Round "7.4"]
[White "Breß, Amy Charlize"]
[Black "Ederle, Artöm"]
[Result "1-0"]
[WhiteElo "1551"]
[BlackElo "1591"]
[PlyCount "123"]
[EventDate "2021.??.??"]
[WhiteTeam "SAV Torgelow"]
[BlackTeam "Greifswalder SV"]

1. e4 c5 2. Nf3 e6 3. d4 cxd4 4. Nxd4 a6 5. g3 Qc7 6. Bg2 Nc6 7. O-O Nf6 8. Nc3
b5 9. a3 Nxd4 10. Qxd4 Bc5 11. Qd1 Bb7 12. Re1 d6 13. Be3 O-O 14. Kh1 b4 15.
axb4 Bxb4 16. Bd2 Rac8 17. Rc1 Qa5 18. Re2 Ng4 19. Nb1 Rc4 20. Na3 Rc5 21. Bxb4
Qxb4 22. c3 Qb6 23. h3 Ne5 24. f4 Nc4 25. Nxc4 Rxc4 26. Ra1 Rfc8 27. Ra4 R4c5
28. Rb4 Qc7 29. Rd2 Rd8 30. Rbd4 Rc6 31. e5 d5 32. Bf1 Rc5 33. Kh2 a5 34. Rc2
Ra8 35. Rcd2 Bc6 36. c4 a4 37. cxd5 Rxd5 38. Rxd5 Bxd5 39. Qc2 Qb6 40. Qc3 Rb8
41. Rc2 g6 42. Rd2 Kf8 43. Qa3+ Qb4 44. Qxb4+ Rxb4 45. Bg2 Rb5 46. Kg1 Ke7 47.
Rc2 Kd7 48. Kf2 Rb3 49. g4 Rb4 50. Bxd5 exd5 51. Kg3 Rc4 52. Rd2 Kc6 53. Kf3
Kc5 54. Ke3 Re4+ 55. Kf3 Kc4 56. h4 h5 57. gxh5 gxh5 58. Rd1 Rd4 59. Re1 Kb3
60. Re2 Rd3+ 61. Kg2 d4 62. f5 1-0

[Event "LEM Nachwuchs M-V u16 vom 08.-11.07.202"]
[Site "MaJuWi Greifswald/Wieck"]
[Date "2021.07.11"]
[Round "7.5"]
[White "Kruse, Johannes"]
[Black "Brand, Hannes"]
[Result "1-0"]
[WhiteElo "1448"]
[BlackElo "1384"]
[PlyCount "57"]
[EventDate "2021.??.??"]
[WhiteTeam "ESV Waren"]
[BlackTeam "SC Mecklenburger Springer"]

1. e4 c5 2. Nf3 d6 3. d4 cxd4 4. Nxd4 Nf6 5. Nc3 a6 6. Be3 e5 7. Nb3 Be7 8. Be2
Be6 9. O-O O-O 10. f3 a5 11. a4 Na6 12. Nd5 Nxd5 13. exd5 Bf5 14. c3 Qc7 15.
Nc1 Rac8 16. Na2 Bg6 17. c4 Nc5 18. Nc3 f5 19. b3 f4 20. Bf2 Qd7 21. Bxc5 Rxc5
22. Ne4 Bxe4 23. fxe4 Rcc8 24. Bg4 Qd8 25. Bxc8 Qxc8 26. Rf3 Qc5+ 27. Kh1 Qd4
28. Qxd4 exd4 29. Rd1 1-0

[Event "LEM Nachwuchs M-V u16 vom 08.-11.07.202"]
[Site "MaJuWi Greifswald/Wieck"]
[Date "2021.07.11"]
[Round "7.6"]
[White "Markovych, Leonid"]
[Black "Wellßow, Keoki"]
[Result "0-1"]
[WhiteElo "1218"]
[BlackElo "1510"]
[Annotator "Sonnenberger,Jörg"]
[PlyCount "60"]
[EventDate "2021.??.??"]
[WhiteTeam "TuS Makkabi Rostock"]
[BlackTeam "TuS Makkabi Rostock"]

1. d4 g6 2. c4 Bg7 3. Nc3 d6 4. e4 Nc6 5. d5 Nd4 6. Be3 c5 7. f3 Bd7 8. Qd2 a6
9. Bd3 Rb8 10. Nge2 Nxe2 11. Bxe2 b5 12. cxb5 axb5 13. a3 b4 14. axb4 Rxb4 15.
Bd3 Nf6 16. Rb1 O-O 17. Bh6 Ne8 18. Bxg7 Kxg7 19. g4 Nc7 20. h4 h6 21. h5 g5
22. f4 f6 23. f5 Nb5 24. Nxb5 Bxb5 25. Bxb5 Rxb5 26. Rh3 Rb4 27. Qc2 Qa5 28.
Ke2 Rfb8 29. Rh2 Qa2 30. Kd1 Rc4 0-1

[Event "LEM Nachwuchs M-V u16 vom 08.-11.07.202"]
[Site "MaJuWi Greifswald/Wieck"]
[Date "2021.07.11"]
[Round "7.7"]
[White "Warda, Valentino"]
[Black "Subocz, Gabriel"]
[Result "0-1"]
[WhiteElo "1004"]
[BlackElo "1380"]
[PlyCount "41"]
[EventDate "2021.??.??"]
[WhiteTeam "SF Schwerin"]
[BlackTeam "SAV Torgelow"]

1. c4 Nf6 2. Nc3 g6 3. g3 Bg7 4. Bg2 Nc6 5. e3 e6 6. d4 d5 7. cxd5 exd5 8. Nge2
O-O 9. O-O Re8 10. Nf4 Ne7 11. Re1 c6 12. e4 dxe4 13. Nxe4 Nxe4 14. Rxe4 Bf5
15. Re2 Qxd4 16. Rd2 Qb6 17. h3 Rad8 18. Rxd8 Qxd8 19. Be3 Bxb2 20. Qxd8 Rxd8
21. Rb1 0-1

[Event "LEM Nachwuchs M-V u16 vom 08.-11.07.202"]
[Site "MaJuWi Greifswald/Wieck"]
[Date "2021.07.11"]
[Round "7.8"]
[White "Tennigkeit, Paul"]
[Black "Kirchner, Bao Long Marc"]
[Result "1-0"]
[WhiteElo "1569"]
[BlackElo "1224"]
[PlyCount "65"]
[EventDate "2021.??.??"]
[WhiteTeam "Lok Pritzwalk"]
[BlackTeam "TuS Makkabi Rostock"]

1. e4 c5 2. Nf3 e6 3. c3 Nc6 4. d4 cxd4 5. cxd4 Qc7 6. Nc3 a6 7. Be3 d6 8. Rc1
Nf6 9. d5 Ne5 10. Nxe5 dxe5 11. Nb5 Qd7 12. Nc7+ Kd8 13. Nxa8 Bb4+ 14. Bd2 Qd6
15. a3 Bc5 16. Qc2 Bd7 17. Qxc5 Qxc5 18. Rxc5 Nxe4 19. Rc1 exd5 20. f3 Nf6 21.
Bg5 Ke7 22. Bxf6+ Kxf6 23. Nb6 Be6 24. Rc7 d4 25. Bd3 Kg5 26. Be4 f5 27. Bd5
Re8 28. O-O g6 29. Re1 h5 30. Rxe5 Kf6 31. Rxe6+ Rxe6 32. Bxe6 Kxe6 33. Rd7 1-0

[Event "LEM Nachwuchs M-V u16 vom 08.-11.07.202"]
[Site "MaJuWi Greifswald/Wieck"]
[Date "2021.07.11"]
[Round "7.9"]
[White "Hampe, Tobias"]
[Black "Decker, Nils"]
[Result "1-0"]
[WhiteElo "1247"]
[BlackElo "1334"]
[PlyCount "33"]
[EventDate "2021.??.??"]
[WhiteTeam "Lok Pritzwalk"]
[BlackTeam "SV Gryps"]

1. e4 e5 2. Nf3 Nc6 3. Bc4 Nf6 4. d3 d5 5. exd5 Nxd5 6. Bxd5 Qxd5 7. Nc3 Qe6 8.
O-O Bd6 9. Re1 O-O 10. d4 Qf6 11. dxe5 Nxe5 12. Nd5 Nxf3+ 13. Qxf3 Qg6 14. Bf4
Bxf4 15. Ne7+ Kh8 16. Nxg6+ fxg6 17. Qxf4 1-0

[Event "LEM Nachwuchs M-V u16 vom 08.-11.07.202"]
[Site "MaJuWi Greifswald/Wieck"]
[Date "2021.07.11"]
[Round "7.10"]
[White "Ahmed Ibrahim, Labed"]
[Black "Camen, Gerris"]
[Result "1-0"]
[WhiteElo "1215"]
[BlackElo "823"]
[PlyCount "39"]
[EventDate "2021.??.??"]
[WhiteTeam "SV Motor Wolgast"]
[BlackTeam "Lok Pritzwalk"]

1. c4 e5 2. Nc3 Bc5 3. g3 Nf6 4. Bg2 O-O 5. e4 d6 6. Nge2 Be6 7. d3 c6 8. Be3
Bxe3 9. fxe3 d5 10. exd5 cxd5 11. O-O dxc4 12. Bxb7 Bd5 13. Nxd5 Nxd5 14. dxc4
Nxe3 15. Qxd8 Rxd8 16. Rf3 Nxc4 17. Bxa8 Nxb2 18. Rb1 Rd2 19. Rb3 Nc4 20. Rxb8+
1-0

[Event "LEM Nachwuchs M-V u18 vom 08.-11.07.202"]
[Site "MaJuWi Greifswald/Wieck"]
[Date "2021.07.08"]
[Round "1.1"]
[White "Quiram, Arne"]
[Black "Fromm, Marius"]
[Result "0-1"]
[WhiteElo "1643"]
[BlackElo "2297"]
[PlyCount "58"]
[EventDate "2021.??.??"]
[WhiteTeam "ESV Waren"]
[BlackTeam "Greifswalder SV"]

1. e4 c5 2. Nf3 d6 3. d4 cxd4 4. Nxd4 Nf6 5. Nc3 a6 6. Be3 e5 7. Nf3 Be7 8. Be2
O-O 9. O-O Nbd7 10. h3 b5 11. Nd2 Bb7 12. Re1 Rc8 13. Bf3 b4 14. Ne2 d5 15.
exd5 Nxd5 16. Ng3 f5 17. Bxd5+ Bxd5 18. f4 Qc7 19. Ndf1 Bb7 20. Rc1 Bd6 21.
fxe5 Bxe5 22. Bf2 Qc6 23. Qf3 Qxf3 24. gxf3 Bxb2 25. Rcd1 Ne5 26. Nd2 Rxc2 27.
f4 Rxd2 28. fxe5 Rxd1 29. Rxd1 Bxe5 0-1

[Event "LEM Nachwuchs M-V u18 vom 08.-11.07.202"]
[Site "MaJuWi Greifswald/Wieck"]
[Date "2021.07.08"]
[Round "1.2"]
[White "Troyke, Jannis"]
[Black "Neubert, Conrad"]
[Result "1-0"]
[WhiteElo "1911"]
[BlackElo "1649"]
[PlyCount "63"]
[EventDate "2021.??.??"]
[WhiteTeam "Greifswalder SV"]
[BlackTeam "SF Schwerin"]

1. e4 c5 2. Nf3 e6 3. d4 cxd4 4. Nxd4 Nc6 5. Nc3 Qc7 6. g3 Nf6 7. Bf4 e5 8.
Ndb5 Qb8 9. Bg5 a6 10. Na3 b5 11. Bxf6 b4 12. Bg5 bxc3 13. Nc4 Bb4 14. b3 O-O
15. Be3 f5 16. exf5 Bb7 17. Bg2 Nd4 18. O-O Bxg2 19. Kxg2 Qb7+ 20. f3 Nxf5 21.
Qd3 Rae8 22. Rad1 Nd4 23. Nxe5 Rxe5 24. Bxd4 Ref5 25. Bxc3 Bxc3 26. Qxc3 Rc8
27. Qd3 Rfc5 28. c4 d5 29. cxd5 Rc2+ 30. Rd2 R8c3 31. Qe2 Qc8 32. Rfd1 1-0

[Event "LEM Nachwuchs M-V u18 vom 08.-11.07.202"]
[Site "MaJuWi Greifswald/Wieck"]
[Date "2021.07.08"]
[Round "1.3"]
[White "Trams, Emma Joe"]
[Black "Kallweit, Paul"]
[Result "0-1"]
[WhiteElo "1466"]
[BlackElo "1878"]
[PlyCount "56"]
[EventDate "2021.??.??"]
[WhiteTeam "SG Jasmund"]
[BlackTeam "SSC Rostock 07"]

1. e4 c5 2. Nf3 e6 3. d4 cxd4 4. Nxd4 Nc6 5. Nc3 Qc7 6. Nf3 a6 7. Bd3 Nf6 8.
O-O b5 9. a3 Bb7 10. b4 Nxb4 11. axb4 Qxc3 12. Bd2 Qc7 13. Re1 d5 14. exd5 Bxd5
15. c3 Bd6 16. h3 O-O 17. Qc2 h6 18. Nd4 Rfc8 19. Rec1 Qb7 20. f3 Bxb4 21. Qb2
Bc5 22. Kf1 Bxd4 23. cxd4 Bxf3 24. Be3 Be4 25. Rxc8+ Rxc8 26. Bxe4 Qxe4 27. Bf2
Rc2 28. Qb1 Qe2+ 0-1

[Event "LEM Nachwuchs M-V u18 vom 08.-11.07.202"]
[Site "MaJuWi Greifswald/Wieck"]
[Date "2021.07.08"]
[Round "1.4"]
[White "Gazizov, Max"]
[Black "Camen, Lisette"]
[Result "1-0"]
[WhiteElo "1689"]
[BlackElo "1472"]
[PlyCount "65"]
[EventDate "2021.??.??"]
[WhiteTeam "Think Rochade"]
[BlackTeam "Lok Pritzwalk"]

1. d4 Nf6 2. c4 g6 3. Nc3 Bg7 4. e4 d6 5. Nf3 O-O 6. Be2 e5 7. O-O Nc6 8. d5
Ne7 9. Ne1 c6 10. Be3 Ne8 11. c5 b6 12. dxc6 Nxc6 13. cxb6 axb6 14. Nd5 Nd4 15.
Bxd4 exd4 16. Qb3 Ba6 17. Bxa6 Rxa6 18. Nd3 Nf6 19. N3b4 Ra8 20. Nc6 Qd7 21.
Nce7+ Kh8 22. f3 Rab8 23. Rac1 Nxd5 24. Nxd5 b5 25. Rc7 Qe8 26. Rfc1 Qe5 27.
Re7 Qg5 28. f4 Qg4 29. Qd3 f5 30. Rcc7 Qh4 31. Rxg7 Qe1+ 32. Qf1 Qh4 33. Qf2
1-0

[Event "LEM Nachwuchs M-V u18 vom 08.-11.07.202"]
[Site "MaJuWi Greifswald/Wieck"]
[Date "2021.07.08"]
[Round "1.5"]
[White "Schwenck, Fabian"]
[Black "Johlke, Lukas"]
[Result "0-1"]
[WhiteElo "1683"]
[BlackElo "1608"]
[PlyCount "90"]
[EventDate "2021.??.??"]
[WhiteTeam "SG Güstrow/Teterow"]
[BlackTeam "SG Jasmund"]

1. e4 e5 2. Nf3 Nc6 3. Bc4 Bc5 4. b4 Bxb4 5. c3 Bc5 6. d4 exd4 7. cxd4 Bb4+ 8.
Bd2 Bxd2+ 9. Nbxd2 d6 10. Qb3 Nh6 11. O-O O-O 12. Rfe1 Na5 13. Qb2 Nxc4 14.
Nxc4 Rb8 15. Rad1 Bg4 16. Rd3 Re8 17. h3 Bxf3 18. Rxf3 d5 19. Nd2 dxe4 20. Rxe4
Rxe4 21. Nxe4 Qd5 22. Rf4 Re8 23. Qe2 Re6 24. Qd3 b6 25. Qa6 Qc6 26. d5 Qc1+
27. Kh2 Qxf4+ 28. g3 Qxe4 29. dxe6 Qxe6 30. Qxa7 Qc8 31. Qa4 g6 32. Qf4 Nf5 33.
g4 Nd6 34. Qf6 Qd7 35. f4 Ne4 36. Qb2 Qd2+ 37. Qxd2 Nxd2 38. Kg2 Kf8 39. Kf2
Ke7 40. Ke3 Nc4+ 41. Kd3 b5 42. a4 Nb2+ 43. Kc3 Nxa4+ 44. Kb4 c6 45. h4 Kd6 0-1

[Event "LEM Nachwuchs M-V u18 vom 08.-11.07.202"]
[Site "MaJuWi Greifswald/Wieck"]
[Date "2021.07.08"]
[Round "1.6"]
[White "Johlke, Lorenz"]
[Black "Warda, Michelangelo"]
[Result "1-0"]
[WhiteElo "1673"]
[BlackElo "1242"]
[PlyCount "43"]
[EventDate "2021.??.??"]
[WhiteTeam "SG Jasmund"]
[BlackTeam "SF Schwerin"]

1. e4 c6 2. d4 d5 3. e5 Bf5 4. Bd3 Bxd3 5. Qxd3 e6 6. f4 Ne7 7. Nf3 Nd7 8. Nbd2
Qc7 9. O-O c5 10. c4 Rc8 11. f5 dxc4 12. Nxc4 Nxf5 13. d5 Nd4 14. Ng5 f6 15.
exf6 Nxf6 16. dxe6 Bd6 17. Nxd6+ Qxd6 18. Nf7 Qxe6 19. Nxh8 Ke7 20. Bg5 Kd7 21.
Bxf6 gxf6 22. Qxh7+ 1-0

[Event "LEM Nachwuchs M-V u18 vom 08.-11.07.202"]
[Site "MaJuWi Greifswald/Wieck"]
[Date "2021.07.08"]
[Round "1.7"]
[White "Engel, Roland"]
[Black "Herrmann, Jakob"]
[Result "0-1"]
[WhiteElo "1083"]
[BlackElo "1533"]
[PlyCount "66"]
[EventDate "2021.??.??"]
[WhiteTeam "SSC Rostock"]
[BlackTeam "SAV Torgelow"]

1. e4 c6 2. d4 d5 3. Nc3 dxe4 4. Nxe4 Bf5 5. Bd3 Qxd4 6. Qf3 e6 7. g4 Bxe4 8.
Bxe4 Nf6 9. Bd3 Bb4+ 10. Kf1 Qxg4 11. Qxg4 Nxg4 12. Nf3 Bc5 13. Rg1 h5 14. h3
Nxf2 15. Rxg7 Nxd3 16. cxd3 Kf8 17. Rg5 Nd7 18. Bd2 f6 19. Rg2 Kf7 20. Rc1 Rhg8
21. Rxg8 Rxg8 22. b4 Bb6 23. a4 Rg3 24. Ne1 Rxh3 25. Ke2 Ne5 26. a5 Bd4 27. b5
c5 28. Bc3 Re3+ 29. Kd2 Rxe1 30. Bxd4 Nf3+ 31. Kc2 Nxd4+ 32. Kd2 Rxc1 33. Kxc1
h4 0-1

[Event "LEM Nachwuchs M-V u18 vom 08.-11.07.202"]
[Site "MaJuWi Greifswald/Wieck"]
[Date "2021.07.09"]
[Round "2.1"]
[White "Fromm, Marius"]
[Black "Gazizov, Max"]
[Result "1-0"]
[WhiteElo "2297"]
[BlackElo "1689"]
[PlyCount "57"]
[EventDate "2021.??.??"]
[WhiteTeam "Greifswalder SV"]
[BlackTeam "Think Rochade"]

1. e4 c5 2. Nf3 d6 3. d4 cxd4 4. Nxd4 Nf6 5. Nc3 Nc6 6. Bg5 e6 7. Qd2 a6 8.
O-O-O Be7 9. f4 h6 10. Bh4 Nxe4 11. Nxe4 Bxh4 12. Nxc6 bxc6 13. Nxd6+ Kf8 14.
Bc4 Qb6 15. Kb1 Bf6 16. Bb3 g6 17. g4 a5 18. g5 Be7 19. a4 Ba6 20. Qc3 Rh7 21.
Nxf7 Kxf7 22. Rd7 Ke8 23. Rhd1 Bb4 24. Qf6 Rxd7 25. Qxe6+ Be7 26. Rxd7 Qc5 27.
Rd1 Bc4 28. Bxc4 Qf5 29. Qxc6+ 1-0

[Event "LEM Nachwuchs M-V u18 vom 08.-11.07.202"]
[Site "MaJuWi Greifswald/Wieck"]
[Date "2021.07.09"]
[Round "2.2"]
[White "Johlke, Lukas"]
[Black "Troyke, Jannis"]
[Result "0-1"]
[WhiteElo "1608"]
[BlackElo "1911"]
[PlyCount "81"]
[EventDate "2021.??.??"]
[WhiteTeam "SG Jasmund"]
[BlackTeam "Greifswalder SV"]

1. e4 c5 2. Nf3 d6 3. Bb5+ Bd7 4. Bxd7+ Qxd7 5. c3 Nf6 6. Qe2 Nc6 7. O-O e6 8.
d4 cxd4 9. cxd4 d5 10. e5 Ne4 11. Nbd2 Nxd2 12. Bxd2 Be7 13. Qd3 h6 14. a3 O-O
15. Kh1 Rfc8 16. g4 Qd8 17. g5 Bxg5 18. Nxg5 hxg5 19. Rg1 Qb6 20. Bc3 Ne7 21.
Rxg5 Nf5 22. Rag1 g6 23. Qd2 a5 24. R1g4 Kf8 25. b4 Qc6 26. Rxf5 exf5 27. Qh6+
Ke8 28. Rg3 b6 29. Qh8+ Kd7 30. Qg7 Ke7 31. Qh6 Qc4 32. Qh4+ Kd7 33. Kg2 Qc6
34. Re3 Qe6 35. Qg3 g5 36. Qf3 f4 37. Rd3 Rc6 38. h3 Rcc8 39. Qd1 Qc6 40. Qd2
a4 41. Qd1 0-1

[Event "LEM Nachwuchs M-V u18 vom 08.-11.07.202"]
[Site "MaJuWi Greifswald/Wieck"]
[Date "2021.07.09"]
[Round "2.3"]
[White "Kallweit, Paul"]
[Black "Johlke, Lorenz"]
[Result "1-0"]
[WhiteElo "1878"]
[BlackElo "1673"]
[PlyCount "71"]
[EventDate "2021.??.??"]
[WhiteTeam "SSC Rostock 07"]
[BlackTeam "SG Jasmund"]

1. d4 e6 2. c4 f5 3. Nf3 Nf6 4. g3 d6 5. Bg2 Be7 6. O-O O-O 7. Nc3 Qe8 8. Qd3
Na6 9. e4 Nb4 10. Qe2 fxe4 11. Nxe4 Nxe4 12. Qxe4 e5 13. dxe5 Bf5 14. Qxb7 Nc2
15. Bf4 Nxa1 16. Rxa1 Qc8 17. Nd4 Qxb7 18. Bxb7 Rab8 19. Bd5+ Kh8 20. Nc6 Rbe8
21. Nxe7 Rxe7 22. exd6 Re2 23. b4 cxd6 24. Bxd6 Rfe8 25. Bc5 Bh3 26. Be3 a6 27.
a4 Rb2 28. b5 axb5 29. axb5 h6 30. b6 Be6 31. Bxe6 Rxe6 32. c5 Kh7 33. Ra7 Rc6
34. Rc7 Re6 35. Rxg7+ Kxg7 36. Bd4+ 1-0